|
|
|
|
| LEADER |
00000naa2a2200000 4500 |
| 001 |
254088 |
| 005 |
20231031214711.0 |
| 035 |
|
|
|a (RuTPU)RU\TPU\book\276511
|
| 035 |
|
|
|a RU\TPU\book\276510
|
| 090 |
|
|
|a 254088
|
| 100 |
|
|
|a 20140318d1973 k y0rusy50 ca
|
| 101 |
0 |
|
|a rus
|
| 102 |
|
|
|a RU
|
| 200 |
1 |
|
|a Наносекундный сильноточный ускоритель "Тонус"
|f И. В. Глейзер [и др.]
|
| 463 |
|
0 |
|0 (RuTPU)RU\TPU\book\272302
|t Ускорители заряженных частиц
|o сборник статей
|f Томский политехнический институт (ТПИ), Научно-исследовательский институт ядерной физики, электроники и автоматики (НИИ ЯФЭА) ; под ред. А. Н. Диденко
|v С. 86-89
|d 1973
|p 91 с.
|s Труды научно-исследовательского института ядерной физики электроники и автоматики при ТПИ ; Вып. 3
|
| 610 |
1 |
|
|a труды учёных ТПУ
|
| 701 |
|
1 |
|a Глейзер
|b И. В.
|
| 701 |
|
1 |
|a Диденко
|b А. Н.
|c физик
|c профессор Томского политехнического университета (до 1987 г.)
|c с 1988 г. заведующий кафедрой Московского инженерно-физического института
|c советник Российской академии наук
|f 1932-
|g Андрей Николаевич
|2 stltpush
|3 (RuTPU)RU\TPU\pers\19779
|
| 701 |
|
1 |
|a Дронова
|b Л. П.
|
| 701 |
|
1 |
|a Котляревский
|b Г. И.
|
| 701 |
|
1 |
|a Окулов
|b Б. В.
|
| 701 |
|
1 |
|a Пак
|b В. С.
|
| 701 |
|
1 |
|a Ремнев
|b Г. Е.
|c физик
|c профессор Томского политехнического университета, доктор технических наук
|f 1948-
|g Геннадий Ефимович
|2 stltpush
|3 (RuTPU)RU\TPU\pers\22004
|
| 701 |
|
1 |
|a Руденко
|b Н. С.
|
| 701 |
|
1 |
|a Тузов
|b В. А.
|
| 701 |
|
1 |
|a Сметанин
|b В. И.
|
| 701 |
|
1 |
|a Усов
|b Ю. П.
|c российский ученый, электротехник
|c профессор Томского политехнического университета, доктор технических наук
|f 1937-
|g Юрий Петрович
|2 stltpush
|3 (RuTPU)RU\TPU\pers\19875
|
| 701 |
|
1 |
|a Шатанов
|b А. А.
|
| 701 |
|
1 |
|a Жерлицын
|b А. Г.
|c российский ученый, специалист в области релятивистской СВЧ электроники
|c заведующий лабораторией Физико-технического института Томского политехнического университета, кандидат технических наук
|f 1948-
|g Алексей Григорьевич
|2 stltpush
|3 (RuTPU)RU\TPU\pers\28821
|
| 801 |
|
1 |
|a RU
|b 63413507
|c 20060607
|g PSBO
|
| 801 |
|
2 |
|a RU
|b 63413507
|c 20150609
|g RCR
|
| 942 |
|
|
|c BK
|